La UNAM el debate pendiente.

I tiakina i:
Ngā taipitopito rārangi puna kōrero
Kaituhi matua: Mendoza, Javier (autor)
Ētahi atu kaituhi: Latapí Sarre, Pablo (autor) (autor), Rodríguez, Roberto (autor) (autor)
Hōputu: Pukapuka
Reo:Pāniora
Ngā marau:
Ngā Tūtohu: Tāpirihia he Tūtohu
Kāore He Tūtohu, Me noho koe te mea tuatahi ki te tūtohu i tēnei pūkete!

MARC

LEADER 00000cam^a2200000uu^4500
001 000468703
005 20250521000000.0
008 050901s2001^^^^^^^^^^^^rd^r^^000^0^spa^d
009 20260310124517.726
022 |a 96836930678 
035 |a FCE 000011439 
035 |a FCE 034467 
037 |a Acervo ITESO - Biblioteca 
041 |a spa 
082 0 4 |a 378.72  |b MENu 
100 |a Mendoza, Javier  |e (autor) 
245 1 3 |a La UNAM el debate pendiente. 
264 |a México :  |b UNAM, CESU : P y V ,  |c 2001. 
300 |a 285 p. 
336 |a texto  |b txt  |2 rdacontenido 
337 |a sin mediación  |b n  |2 rdamedio 
338 |a volumen  |b nc  |2 rdasoporte 
649 |a XX 
650 |a Centro Nacional de Evaluación para la Educación Superior (CENEVAL) 
650 |a Universidad Nacional Autónoma de México (UNAM) 
650 |a Democracia 
650 |a Partidos políticos 
650 |a Costo de la educación 
650 |a Autonomía 
650 |a Relación universidad-estado 
650 |a Reglamento interno 
650 |a Bachillerato 
650 |a Políticas de educación 
700 |a Latapí Sarre, Pablo  |e (autor) 
700 |a Rodríguez, Roberto  |e (autor) 
910 |a Fondo Centro de Estudios Educativos 
920 |a Impresos - Libros 
930 |a Fondos Especiales 
905 |a 133 
901 |a ALE034467  |b IT2  |c CEE  |u 20250521 
902 |a https://opac.biblio.iteso.mx/vufind/Record/000468703